| 000 | 00702nam a2200193Ia 4500 | ||
|---|---|---|---|
| 003 | GCL | ||
| 008 | 140319s9999 xx 000 0 ara d | ||
| 020 | _a2530118977 | ||
| 040 |
_aGCL / _cGCL |
||
| 082 | 0 | 4 |
_a020.2853 _bا ن |
| 100 | 1 | _aابراهيم دسوقى البندارى | |
| 245 | 1 | 0 |
_aالنظم المحسبة فى المكتبات ومراكز المعلومات / _cابراهيم دسوقى البندارى |
| 260 |
_aالقاهرة : _bدار الثقافة العلمية ، _c2001 |
||
| 300 |
_a220 ص ؛ _c24 سم |
||
| 650 | 0 | 4 | _aنظم المعلومات |
| 650 | 0 | 4 | _aمركز المعلومات |
| 650 | 0 | 4 | _aالمكتبات - برامج الحاسبات |
| 942 |
_2ddc _cBK |
||
| 999 |
_c5225 _d5225 |
||